Paroles - la chenille synchro ( Cheu Cheu ) The Syndro Caterpillar - Statistiques

Statistiques générales
  • Ce quiz a été pris 43 fois
  • Le résultat moyen est 180 sur 350
Statistiques - réponses
paroles % Correct
la
100%
cheu
95%
synchro
92%
c'est
89%
c"est
89%
à
81%
a
81%
es
78%
on
78%
CHEU CHEU
73%
cheu cheu
73%
synchro
73%
tous
73%
moulinette
65%
ca
62%
en
62%
qui
59%
two
59%
arc en ciel
57%
one
57%
accro
54%
casquette
54%
standard
54%
three
54%
cascade
51%
est
51%
de
49%
roulotte
49%
un
49%
essuie glace
46%
inversée
46%
tourniquet
43%
deux
41%
trois
41%
et
38%
le
38%
quatre
38%
dans
35%
pas
35%
si
35%
tu
35%
faire
32%
je
32%
vous
30%
eh
27%
gauche
27%
les
27%
moi
27%
nous
27%
se
27%
avec
24%
danse
24%
ferme
24%
il
24%
mes
24%
souple
24%
suivez
24%
tout
24%
va
24%
alors
22%
comptes
22%
fais
22%
ta
22%
veut
22%
au
19%
bien
19%
crie
19%
place
19%
quand
19%
départ
16%
faisant
16%
ici
16%
n'est
16%
peut
16%
pour
16%
prends
16%
alignée
14%
aller
14%
backside
14%
cadence
14%
chacun
14%
changer
14%
claquer
14%
colonne
14%
croit
14%
etes
14%
jugé
14%
monde
14%
n'veux
14%
n'vous
14%
oh
14%
OH
14%
personne
14%
sens
14%
te
14%
une
14%
besoin
11%
bouger
11%
chaud
11%
ensemble
11%
entends
11%
expert
11%
faut
11%
l'veut
11%
maintenant
11%
mode
11%
passer
11%
rassemble
11%
répondre
11%
validé
11%
avance
8%
body
8%
bonne
8%
criez
8%
crois
8%
délirosse
8%
idée
8%
j'ai
8%
laquelle
8%
nos
8%
plus
8%
statue
8%
your
8%
différences
5%
loin
5%
malgré
5%
n'fait
5%
qu'un
5%
shake
5%
trop
5%
unis
5%
yeah
5%
chouettosse
3%
voila
3%
Aucun quiz correspondant
Distribution des résultats
% des personnes avec chaque résultat
Percentile par nombre de réponses
Votre historique - résultats
Vous n’avez pas pris ce quiz